000 00685cab a2200229 4500
001 WB3303-21
008 090401t1997 xxu||||| |||| 00| 0 eng d
035 _a(Sirsi) u26482
041 _aeng
245 _aCouncil homes sale
260 _c1997
350 _a0
490 _aFinancial Times
_v14 January 1997, 10 ; 17 January 1997, 14(2)
520 _aWelwyn Hatfield DC has sought permission to sell a quarter of its council homes to pay damages of £49m to Slough Estates.
650 _aGALLERIA SHOPPING CENTRE
650 _aSLOUGH ESTATES
650 _aTENANT MIX AGREEMENT
650 _aWELWYN GARDEN CITY
690 _aHOUSING
942 _n0
948 _c04/03/1997
999 _c17797
_d17797